[Event "EU Small Countries ol 8th"]
[Site "St Helier"]
[Date "2023.11.04"]
[Round "9.4"]
[White "Constantinou, Samuel Johannes"]
[Black "Bourg, Nicolas"]
[Result "0-1"]
[WhiteElo "1820"]
[BlackElo "2053"]
[PlyCount "68"]
[EventDate "2023.10.29"]
[EventType "team-tourn"]
[EventRounds "9"]
[EventCountry "GCI"]
[SourceTitle "Mega2024 Update 01"]
[Source "Chessbase"]
[SourceDate "2023.11.12"]
[SourceVersion "1"]
[SourceVersionDate "2023.11.12"]
[SourceQuality "1"]
[WhiteTeam "Cyprus"]
[BlackTeam "Luxembourg"]
[WhiteTeamCountry "CYP"]
[BlackTeamCountry "LUX"]

1. e4 e5 2. Nf3 Nc6 3. d4 exd4 4. Nxd4 Bc5 5. Be3 Qf6 6. c3 a6 7. Be2 Qg6 8. 0-0 h5 9. Nb5 axb5 10. Bxc5 d6 11. Bd4 Bh3 12. Bf3 Nf6 13. Kh1 Be6 14. Na3 b4 15. Nb5 Rc8 16. cxb4 Bc4 17. Bxf6 Bxf1 18. Qxf1 Qxf6 19. Nc3 0-0 20. b5 Ne5 21. Bxh5 Qh6 22. Be2 g5 23. Nd5 Rfe8 24. Ne3 Ng6 25. Nf5 Qh7 26. f3 Nf4 27. Bc4 d5 28. Bb3 dxe4 29. fxe4 Rxe4 30. Ng3 Re3 31. Kg1 Rce8 32. Qc4 Re1+ 33. Rxe1 Rxe1+ 34. Kf2 Nd3+ 0-1

[Event "EU Small Countries blitz op 8th"]
[Site "St Helier"]
[Date "2023.11.02"]
[Round "7"]
[White "Constantinou, Samuel Johannes"]
[Black "Apol, Luitjen Akselsson"]
[Result "0-1"]
[WhiteElo "1810"]
[BlackElo "2031"]
[PlyCount "36"]
[EventDate "2023.11.02"]
[EventType "swiss (blitz)"]
[EventRounds "11"]
[EventCountry "GCI"]
[SourceTitle "CB46_2023"]
[SourceDate "2023.11.15"]
[SourceVersion "1"]
[SourceVersionDate "2023.11.15"]
[SourceQuality "1"]

1. d4 Nf6 2. c4 g6 3. Nc3 Bg7 4. e4 d6 5. Be2 0-0 6. Be3 e5 7. d5 Na6 8. g4 Nc5 9. f3 h5 10. h3 a5 11. Qd2 c6 12. g5 Nh7 13. h4 f6 14. gxf6 Bxf6 15. Bf2 Kg7 16. Bd1 Be7 17. Nge2 Rxf3 18. Ng3 Nd3+ 0-1

[Event "EU Small Countries blitz op 8th"]
[Site "St Helier"]
[Date "2023.11.02"]
[Round "5"]
[White "Constantinou, Samuel Johannes"]
[Black "Iclicki, Willy"]
[Result "1-0"]
[WhiteElo "1810"]
[BlackElo "1969"]
[PlyCount "50"]
[EventDate "2023.11.02"]
[EventType "swiss (blitz)"]
[EventRounds "11"]
[EventCountry "GCI"]
[SourceTitle "CB46_2023"]
[SourceDate "2023.11.15"]
[SourceVersion "1"]
[SourceVersionDate "2023.11.15"]
[SourceQuality "1"]

1. d4 d5 2. c4 c6 3. e3 Nf6 4. Nc3 e6 5. Nf3 Bd6 6. Bd3 Nbd7 7. Qe2 0-0 8. 0-0 e5 9. dxe5 Nxe5 10. Nxe5 Bxe5 11. cxd5 cxd5 12. Rb1 Be6 13. Rd1 Qc7 14. Nb5 Qb6 15. h3 Ne4 16. Bd2 Nxd2 17. Rxd2 Rac8 18. Nd4 Rc7 19. Qh5 f5 20. Nxe6 Qxe6 21. g4 g6 22. gxf5 gxh5 23. fxe6 Re7 24. Bc2 Rg7+ 25. Kf1 Bh2 1-0

[Event "EU Small Countries blitz op 8th"]
[Site "St Helier"]
[Date "2023.11.02"]
[Round "1"]
[White "Constantinou, Samuel Johannes"]
[Black "Pace, Colin"]
[Result "1/2-1/2"]
[WhiteElo "1810"]
[BlackElo "2068"]
[PlyCount "111"]
[EventDate "2023.11.02"]
[EventType "swiss (blitz)"]
[EventRounds "11"]
[EventCountry "GCI"]
[SourceTitle "CB46_2023"]
[SourceDate "2023.11.15"]
[SourceVersion "1"]
[SourceVersionDate "2023.11.15"]
[SourceQuality "1"]

1. d4 f5 2. c4 Nf6 3. Nc3 g6 4. g3 Bg7 5. Bg2 0-0 6. Nf3 d6 7. 0-0 Qe8 8. Qb3 e5 9. c5+ Kh8 10. cxd6 cxd6 11. dxe5 dxe5 12. e4 Nc6 13. Re1 f4 14. gxf4 Nh5 15. Nd5 Be6 16. Ng5 Bg8 17. fxe5 Nxe5 18. Qxb7 h6 19. Nh3 Nf3+ 20. Bxf3 Rxf3 21. Re3 Rf7 22. Qa6 Qe5 23. Bd2 Raf8 24. Bc3 Qb8 25. Bxg7+ Rxg7 26. Qe2 Rgf7 27. Rd1 Qe5 28. b3 Ng7 29. Kh1 Ne6 30. Rg1 Kh7 31. Qg4 g5 32. Qh5 Rg7 33. Reg3 Rff7 34. Ne3 Nd4 35. Nf5 Rg6 36. Nxd4 Qxd4 37. Nxg5+ Rxg5 38. Rxg5 Qxe4+ 39. R5g2 Rxf2 40. Qg6+ Qxg6 41. Rxg6 Bd5+ 42. R6g2 Rxa2 43. h4 Bxg2+ 44. Rxg2 Ra1+ 45. Kh2 Rb1 46. Rg3 Rb2+ 47. Kh3 h5 48. Rf3 Kg6 49. Rg3+ Kf6 50. Rf3+ Ke5 51. Rg3 Kd4 52. Rg5 Rxb3+ 53. Kg2 Rb2+ 54. Kg3 Rb3+ 55. Kg2 Rb2+ 56. Kg3 1/2-1/2

[Event "EU Small Countries blitz op 8th"]
[Site "St Helier"]
[Date "2023.11.02"]
[Round "11"]
[White "Ferster, Fabian"]
[Black "Constantinou, Samuel Johannes"]
[Result "1-0"]
[WhiteElo "2108"]
[BlackElo "1810"]
[PlyCount "54"]
[EventDate "2023.11.02"]
[EventType "swiss (blitz)"]
[EventRounds "11"]
[EventCountry "GCI"]
[SourceTitle "CB46_2023"]
[SourceDate "2023.11.15"]
[SourceVersion "1"]
[SourceVersionDate "2023.11.15"]
[SourceQuality "1"]

1. e4 c5 2. Nf3 d6 3. d4 cxd4 4. Nxd4 Nf6 5. Nc3 a6 6. Bc4 e6 7. Bb3 Qc7 8. g4 Nc6 9. Be3 Be7 10. g5 Nd7 11. Rg1 Nc5 12. Qe2 Nxb3 13. axb3 Rb8 14. 0-0-0 b5 15. f4 Bb7 16. f5 Nxd4 17. Bxd4 e5 18. Be3 Rc8 19. f6 gxf6 20. gxf6 Bxf6 21. Rdf1 b4 22. Nd5 Bxd5 23. exd5 Bd8 24. Rg7 Rf8 25. Rxh7 a5 26. Bh6 Be7 27. Bxf8 Bxf8 1-0

[Event "EU Small Countries ol 8th"]
[Site "St Helier"]
[Date "2023.11.02"]
[Round "7.3"]
[White "Forbes, Garry"]
[Black "Constantinou, Samuel Johannes"]
[Result "1/2-1/2"]
[WhiteElo "1834"]
[BlackElo "1820"]
[PlyCount "31"]
[EventDate "2023.10.29"]
[EventType "team-tourn"]
[EventRounds "9"]
[EventCountry "GCI"]
[SourceTitle "Mega2024 Update 01"]
[Source "Chessbase"]
[SourceDate "2023.11.12"]
[SourceVersion "1"]
[SourceVersionDate "2023.11.12"]
[SourceQuality "1"]
[WhiteTeam "Jersey"]
[BlackTeam "Cyprus"]
[WhiteTeamCountry "GCI"]
[BlackTeamCountry "CYP"]

1. d4 f5 2. e4 fxe4 3. Nc3 Nf6 4. Bg5 g6 5. Bc4 c6 6. d5 Qa5 7. Bxf6 exf6 8. Qd4 Bg7 9. Qxe4+ Kf8 10. 0-0-0 f5 11. Qh4 Bxc3 12. bxc3 Qxc3 13. Qd8+ Kg7 14. Qe7+ Kh6 15. Qh4+ Kg7 16. Qe7+ 1/2-1/2

[Event "EU Small Countries blitz op 8th"]
[Site "St Helier"]
[Date "2023.11.02"]
[Round "10"]
[White "Nielsen, Jon I Horni"]
[Black "Constantinou, Samuel Johannes"]
[Result "1-0"]
[WhiteElo "1963"]
[BlackElo "1810"]
[PlyCount "89"]
[EventDate "2023.11.02"]
[EventType "swiss (blitz)"]
[EventRounds "11"]
[EventCountry "GCI"]
[SourceTitle "CB46_2023"]
[SourceDate "2023.11.15"]
[SourceVersion "1"]
[SourceVersionDate "2023.11.15"]
[SourceQuality "1"]

1. e4 c5 2. Nf3 d6 3. d4 cxd4 4. Nxd4 Nf6 5. Nc3 a6 6. Be3 e6 7. f3 Nc6 8. Qd2 Qc7 9. 0-0-0 Be7 10. g4 b5 11. Kb1 Ne5 12. Be2 Nc4 13. Bxc4 bxc4 14. g5 Nh5 15. f4 Bb7 16. f5 e5 17. Nb3 a5 18. Nc1 Bc6 19. Nd5 Bxd5 20. Qxd5 Rb8 21. Rhf1 Qb7 22. Qxb7 Rxb7 23. Rd5 0-0 24. Rxa5 Rfb8 25. b3 Nf4 26. Bxf4 exf4 27. f6 Bf8 28. Rxf4 Rb5 29. Rxb5 Rxb5 30. h4 h6 31. Rg4 hxg5 32. hxg5 cxb3 33. axb3 d5 34. e5 d4 35. Nd3 Rd5 36. Re4 gxf6 37. gxf6 Bh6 38. b4 Bd2 39. Rg4+ Kf8 40. Ka2 Bc3 41. Kb3 Rb5 42. Kc4 Rb7 43. b5 Rc7+ 44. Nc5 Bb2 45. b6 1-0

[Event "Francophonie-chT Rapid"]
[Site "Tornelo INT"]
[Date "2022.06.05"]
[Round "11.9"]
[White "Chinasamy, Devarajen"]
[Black "Constantinou, Samuel Johannes"]
[Result "0-1"]
[WhiteElo "1970"]
[BlackElo "1751"]
[PlyCount "98"]
[EventDate "2022.06.04"]
[EventType "team-swiss (rapid)"]
[EventRounds "11"]
[EventCountry "FRA"]
[SourceTitle "CBM 208 Extra"]
[Source "ChessBase"]
[SourceDate "2022.07.31"]
[SourceVersion "1"]
[SourceVersionDate "2022.07.31"]
[SourceQuality "1"]
[WhiteTeam "Mauritius"]
[BlackTeam "Cyprus"]
[WhiteTeamCountry "MRI"]
[BlackTeamCountry "CYP"]

1. d4 f5 2. Nc3 Nf6 3. Bf4 e6 4. e3 Bb4 5. Bd3 Nd5 6. Nge2 Nxf4 7. Nxf4 0-0 8. Nfe2 Be7 9. Qd2 c6 10. e4 d6 11. 0-0-0 b5 12. Kb1 a5 13. exf5 exf5 14. Nf4 Na6 15. d5 b4 16. Nce2 c5 17. Bc4 Kh8 18. Ne6 Bxe6 19. dxe6 Nc7 20. Nf4 Qe8 21. Rhe1 Rd8 22. b3 a4 23. Qe2 a3 24. g3 g5 25. Nd5 Nxd5 26. Rxd5 Qg6 27. f4 Qg7 28. c3 Qxc3 29. Rd3 Qg7 30. Rd2 Qf6 31. Qf3 gxf4 32. gxf4 Rg8 33. Qh5 Rg7 34. Bd3 Qc3 35. Red1 Bf6 36. Bxf5 Qa1+ 37. Kc2 Qxa2+ 38. Kd3 Qxb3+ 39. Ke2 Qc4+ 40. Kf3 a2 41. Rg2 a1Q 42. Rxa1 Qc3+ 43. Ke2 Qb2+ 44. Kd3 Qxg2 45. e7 Bxe7 46. Ra7 c4+ 47. Kxc4 Qc6+ 48. Kd3 Qb5+ 49. Kc2 Qc5+ 0-1

[Event "Francophonie-chT Rapid"]
[Site "Tornelo INT"]
[Date "2022.06.05"]
[Round "8.5"]
[White "Constantinou, Samuel Johannes"]
[Black "Najjar, Ahmad"]
[Result "0-1"]
[WhiteElo "1751"]
[BlackElo "2261"]
[PlyCount "100"]
[EventDate "2022.06.04"]
[EventType "team-swiss (rapid)"]
[EventRounds "11"]
[EventCountry "FRA"]
[SourceTitle "CBM 208 Extra"]
[Source "ChessBase"]
[SourceDate "2022.07.31"]
[SourceVersion "1"]
[SourceVersionDate "2022.07.31"]
[SourceQuality "1"]
[WhiteTeam "Cyprus"]
[BlackTeam "Lebanon"]
[WhiteTeamCountry "CYP"]
[BlackTeamCountry "LBN"]

1. d4 g6 2. c4 Bg7 3. Nc3 c5 4. Nf3 f5 5. e3 Nf6 6. Be2 0-0 7. 0-0 b6 8. Rb1 Nc6 9. d5 Na5 10. Qc2 d6 11. a3 Bd7 12. Ng5 Rc8 13. Bd3 Ng4 14. h3 Ne5 15. Ne2 h6 16. Ne6 Bxe6 17. dxe6 d5 18. b3 Nxd3 19. Qxd3 dxc4 20. Qxd8 Rfxd8 21. b4 Nb3 22. Nf4 Kh7 23. h4 Be5 24. h5 Bxf4 25. hxg6+ Kxg6 26. exf4 Kf6 27. Re1 Nxc1 28. Rbxc1 b5 29. Re5 cxb4 30. axb4 a6 31. Kf1 Rc6 32. Ke2 Rxe6 33. Rxe6+ Kxe6 34. Rh1 Rh8 35. Kd2 Kf6 36. Ra1 Ra8 37. Rh1 Kg6 38. Re1 Kf7 39. Rh1 a5 40. bxa5 Rxa5 41. Rxh6 b4 42. Rc6 Ra2+ 43. Ke3 c3 44. Rb6 Rb2 45. Rb5 Kf6 46. f3 c2 47. Kd2 b3 48. g4 fxg4 49. fxg4 Rb1 50. Rc5 Rd1+ 0-1

[Event "Francophonie-chT Rapid"]
[Site "Tornelo INT"]
[Date "2022.06.05"]
[Round "9.10"]
[White "Vasquez, Georges"]
[Black "Constantinou, Samuel Johannes"]
[Result "0-1"]
[WhiteElo "1856"]
[BlackElo "1751"]
[PlyCount "72"]
[EventDate "2022.06.04"]
[EventType "team-swiss (rapid)"]
[EventRounds "11"]
[EventCountry "FRA"]
[SourceTitle "CBM 208 Extra"]
[Source "ChessBase"]
[SourceDate "2022.07.31"]
[SourceVersion "1"]
[SourceVersionDate "2022.07.31"]
[SourceQuality "1"]
[WhiteTeam "MAT ton handicap"]
[BlackTeam "Cyprus"]
[WhiteTeamCountry "FRA"]
[BlackTeamCountry "CYP"]

1. d4 f5 2. Bf4 Nf6 3. e3 e6 4. Nf3 Be7 5. h3 0-0 6. Be2 d6 7. c4 Nbd7 8. Nc3 b6 9. a4 a5 10. Rc1 Bb7 11. 0-0 Kh8 12. Ng5 Qc8 13. Nxe6 Rg8 14. Nb5 c6 15. Nxd6 Bxd6 16. Bxd6 Ne4 17. Bh2 Ndf6 18. Nf4 Qd7 19. Nd3 Qe6 20. Ne5 Rac8 21. c5 bxc5 22. dxc5 Rgd8 23. Qc2 Nd5 24. Nc4 Nb4 25. Qb1 Ba6 26. Rfe1 Qg6 27. Ne5 Qe8 28. Bxa6 Nxa6 29. Qa2 Rd5 30. Nc4 Nb4 31. Qb1 Qh5 32. Ne5 Nd2 33. Qa1 Nb3 34. Qb1 Nxc1 35. Rxc1 Rcd8 36. Bg3 Rd1+ 0-1

[Event "CYP-ch op"]
[Site "Nicosia"]
[Date "2022.02.05"]
[Round "2"]
[White "Isaakidis, Alexandros"]
[Black "Constantinou, Samuel Johannes"]
[Result "1-0"]
[WhiteElo "2185"]
[BlackElo "1738"]
[PlyCount "85"]
[EventDate "2022.02.04"]
[EventType "swiss"]
[EventRounds "9"]
[EventCountry "CYP"]
[SourceTitle "CBM 207 Extra"]
[Source "ChessBase"]
[SourceDate "2022.05.31"]
[SourceVersion "1"]
[SourceVersionDate "2022.05.31"]
[SourceQuality "1"]

1. c4 c5 2. Nf3 g6 3. Nc3 Bg7 4. e3 Nf6 5. d4 cxd4 6. exd4 d6 7. Be2 0-0 8. 0-0 d5 9. c5 Nc6 10. Bb5 Bf5 11. Bxc6 bxc6 12. Ne5 Qc7 13. g4 Be6 14. Re1 h5 15. h3 Qc8 16. f3 Rb8 17. Qa4 hxg4 18. hxg4 Bd7 19. Re2 Rb7 20. Bf4 Nxg4 21. fxg4 Bxg4 22. Rf2 Bxe5 23. dxe5 Bh5 24. Bh6 Rd8 25. Qf4 Qe6 26. Raf1 Kh7 27. Bg5 Rf8 28. Ne2 Rc7 29. Nd4 Qc8 30. Qxf7+ Rxf7 31. Rxf7+ Kg8 32. Rf8+ Qxf8 33. Rxf8+ Kxf8 34. Ne6+ Kf7 35. Nxc7 Be2 36. e6+ Kf8 37. Kf2 Bd3 38. Ke3 Bf1 39. Kd4 Be2 40. b4 Bf1 41. Ke5 a6 42. a4 Be2 43. Nxd5 1-0